Generalist practice with organizations & communities / (Record no. 3413)
[ view plain ]
| 000 -LEADER | |
|---|---|
| fixed length control field | 01661cam a2200229 a 4500 |
| 020 ## - INTERNATIONAL STANDARD BOOK NUMBER | |
| ISBN | 0534506291 |
| 020 ## - INTERNATIONAL STANDARD BOOK NUMBER | |
| ISBN | 9780534506292 |
| 050 00 - CALL NUMBER | |
| Classification number | HV40 |
| Item number | .K57 |
| 100 1# - AUTHOR | |
| Personal name | Kirst-Ashman, Karen Kay. |
| 245 10 - TITLE | |
| Title | Generalist practice with organizations & communities / |
| Statement of responsibility, etc | Karen K. Kirst-Ashman, Grafton H. Hull, Jr. |
| 250 ## - EDITION | |
| Edition statement | Third edition. |
| 260 ## - PUBLICATION INFORMATION | |
| Place of publication | Belmont, CA : |
| Name of publisher | Thomson Brooks/Cole, |
| Year of publication | ©2006. |
| 300 ## - DESCRIPTION | |
| Number of Pages | xvii, 526 pages : |
| Other physical details | illustrations ; |
| Dimensions | 27 cm. |
| 500 ## - NOTES | |
| General note | Revised edition of: Generalist practice with organizations and communities / Karen K. Kirst-Ashman and Grafton H. Hull, Jr. 2nd edition 2001.<br/>Includes index. |
| 505 ## - FORMATTED CONTENTS NOTE | |
| Table of Content | 1. Introduction to Generalist Practice with Organizations and Communities --<br/>2. Using Micro Skills in the Macro Environment --<br/>3. Using Mezzo Skills in the Macro Environment --<br/>4. Understanding Organizations --<br/>5. Prepare --<br/>Decision Making for Organizational Change --<br/>6. Imagine --<br/>How to Implement Macro Intervention: Changing Agency Policy --<br/>7. Imagine --<br/>Project Implementation and Program Development --<br/>8. Understanding Neighborhoods and Communities --<br/>9. Macro Practice in Communities --<br/>10. Evaluating Macro Practice --<br/>11. Advocacy and Social Action with Populations-at-Risk --<br/>12. Ethics and Ethical Dilemmas in Macro Practice --<br/>13. Working with the Courts --<br/>14. Developing and Managing Agency Resources --<br/>15. Stress and Time Management --<br/>16. Resumes, Interviewing, and Getting the Job. |
| 650 #0 - SUBJECTS | |
| Topical Term | Social service. |
| 650 #0 - SUBJECTS | |
| Topical Term | Social case work. |
| 650 #0 - SUBJECTS | |
| Topical Term | Community organization. |
| 700 1# - OTHER AUTHORS | |
| Personal name | Hull, Grafton H., |
| 700 1# - OTHER AUTHORS | |
| Personal name | Kirst-Ashman, Karen Kay. |
| 942 ## - ADDED ENTRY ELEMENTS (KOHA) | |
| Koha item type | Books |
| Withdrawn status | Lost status | Collection code | Home library | Current library | Shelving location | Date acquired | Full call number | Accession Number | Copy number | Koha item type |
|---|---|---|---|---|---|---|---|---|---|---|
| Reference | Methodist University Library Main | Methodist University Library Main | General Stacks | HV40 .K57 | 34175 | 1 | Books | |||
| Reference | Methodist University Library Main | Methodist University Library Main | General Stacks | HV40 .K57 | 36559 | 2 | Books | |||
| Methodist University Library Main | Methodist University Library Main | General Stacks | 04/11/2011 | HV40 .K57 | 34174 | Books |